India's National Languages-Sudden Death - Statistics

General Stats
  • This quiz has been taken 178 times
    105 since last reset
  • The average score is 4 of 22
Answers on the Grid
Answers color-coded by a green-red scale on the quiz's grid according to % correct below.
Assamese
Bengali
Bodo
Dogri
Gujarati
Hindi
Kannada
Kashmiri
Konkani
Maithili
Malayalam
Manipuri
Marathi
Nepali
Odia
Punjabi
Sanskrit
Santali
Sindhi
Tamil
Telugu
Urdu
English
Bhojpuri
Rajastani
Bhili/
Bhilodi
Gondi
Tulu
Kurukh
Santali
Khandeshi
Dogri
Toda
Ho
Awadhi
Chhattisgarhi
 
Answer Stats
Answer % Correct
Assamese
38%
Malayalam
31%
Marathi
31%
Telugu
31%
Gujarati
25%
Hindi
25%
Kannada
25%
Kashmiri
25%
Tamil
25%
Bengali
19%
Punjabi
19%
Sanskrit
19%
Sindhi
19%
Dogri
13%
Konkani
13%
Odia
13%
Urdu
13%
Bodo
6%
Maithili
6%
Manipuri
6%
Nepali
6%
Santali
0%
No matching quizzes found
Score Distribution
Percent of People with Each Score
Percentile by Number Answered
Your Score History
You have not taken this quiz since the last reset